[Event "Targu Mures op"]
[Site "Targu Mures"]
[Date "2021.07.22"]
[Round "2"]
[White "Velcherean, Vasile Adrian"]
[Black "Miron, Lucian Costin"]
[Result "0-1"]
[WhiteElo "1884"]
[BlackElo "2507"]
[PlyCount "100"]
[EventDate "2021.07.21"]
[EventType "swiss"]
[EventRounds "7"]
[EventCountry "ROU"]
[SourceTitle "CBM 203 Extra"]
[Source "ChessBase"]
[SourceDate "2021.09.30"]
[SourceVersion "1"]
[SourceVersionDate "2021.09.30"]
[SourceQuality "1"]

1. d4 d5 2. c4 e6 3. Nf3 c6 4. cxd5 exd5 5. Nc3 Nf6 6. Bg5 Be7 7. Qc2 g6 8. e3 Bf5 9. Bd3 Bxd3 10. Qxd3 0-0 11. 0-0 Nbd7 12. Rfe1 Re8 13. Nd2 a5 14. b3 Nb6 15. a4 Nh5 16. g4 Ng7 17. Bxe7 Qxe7 18. e4 Qg5 19. h3 Ne6 20. Re3 Nf4 21. Qf1 Ne6 22. Nf3 Qd8 23. Rae1 dxe4 24. Rxe4 Nd5 25. Nxd5 Qxd5 26. Qc4 Red8 27. Qc3 Qd6 28. Qc4 Rac8 29. Ne5 Ng5 30. f4 Nxe4 31. Qxf7+ Kh8 32. Rxe4 Rc7 33. Qc4 Qd5 34. Qc2 Rf8 35. Kf2 Rcc8 36. Ke3 Rcd8 37. h4 Rde8 38. Qc4 Kg7 39. g5 Re7 40. Qd3 Rfe8 41. h5 Qe6 42. h6+ Kg8 43. Qc4 Qd5 44. Kd3 Rf8 45. Qc3 Rxf4 46. Rxf4 Rxe5 47. b4 Rxg5 48. Qe1 Qb3+ 49. Ke2 Qe6+ 50. Kf2 Rg2+ 0-1